1882 1134 1055 1605 1932 1564 1609 1058 1740 1478 1153 1167 1129 1180 1974 1411 1994 1874 1992 1035 1986 1953 1864 1304 1492 1609 1828 1108 1301 1113 1682 1130 1071 1724 1482 1986 1358 1062 1950 1826 1148 1087 1209 1934 1485 1786 1573 1842 1920 1706 1324 1870 1629 1905 1299 1021 1164 1424 1306 1885 1405 1958 1587 1621 1364 1909 1018 1370 1710 1226 1004 1456 1358 1543 1238 1455 1097 1621 1211 1191 1569 1263 1877 1234 1909 1596 1709 1082 1933 1731 1052 1814 1598 1834 1677 1385 1123 1833 1282 BCNSPRNW ULIB Ver.6.0+V

เปลี่ยนเป็นภาษาไทย

Change to English
 แสดงรายละเอียดบรรณานุกรม
  กลับหน้าหลัก

Brief Record : Get Marc (ISO 2709) : E-mail record : QR code < ปิดหน้าต่าง
LEADER : 00000nam 2200000uu 4500
001    13399127120
003     ULIB
008    191016s2017||||th 000 0 tha d
020    ^a9781316640159 (pbk.)
050  4 ^aPE1128^bM664
245 00 ^aMindset for IELTS :^ban official Cambridge IELTS course.^nStudent s book 2 /^cGreg Archer ... [et al.]
246 30 ^aCambridge English.^pMindset for IELTS :^ban officialCambridge IELTS course.^nStudent s book 2
250    ^a1st ed.
260    ^a[Cambridge] :^bCambridge University Press,^c2017
300    ^a203 p. :^bcol. ill. ;^c28 cm.
505 0  ^aThe man-made environment -- Leisure and education -- Thenews and media -- Travel and transport -- Business andwork -- The natural environment -- Education systems --Festivals and ttaditions
650  0 ^aInternational English Language Testing System
650  0 ^aEnglish language^vTextbooks for foreign speakers
650  0 ^aEnglish language^vExaminations, questions, etc.
650  0 ^aEnglish language^xExaminations
653    ^aIELTS
700 1  ^aArcher, Greg
945    ^p849^l0^i006310
999    ^aประนอม เกษจรัล
รายการนี้ยังไม่มีแท็ก
คุณยังไม่ได้ล็อกอิน คุณสามารถมีกิจกรรมร่วมกับเว็บไซต์ได้ แต่ต้องล็อกอินก่อน ::
  ล็อกอิน

รายการสื่อสารสนเทศ

ลำดับที่ ประเภท เลขเรียก/บาร์โค้ด สถานที่ สถานะ
1. การศึกษาทั่วไป
การศึกษาทั่วไป
PE1128 M664 ฉ.1 
  Barcode: 006310
ห้องสมุดวิทยาเขตสวรรค์ประชารักษ์
►หนังสือทั่วไป
บนชั้น

รายการใกล้เคียง
    หัวเรื่อง [International English Language Testing System]

BibComment


ยังไม่เคยถูกคอมเมนท์

คอมเมนท์ทรัพยากรรายการนี้
  คอมเมนท์: Mindset for IELT..


 Copyright 2026. Bcnsprnw @Library